Normal view MARC view
  • Information technology

Entry Topical Term

Number of records used in: 9

001 - CONTROL NUMBER

  • control field: 542

003 - CONTROL NUMBER IDENTIFIER

  • control field: OSt

005 - DATE AND TIME OF LATEST TRANSACTION

  • control field: 20170427161134.0

008 - FIXED-LENGTH DATA ELEMENTS

  • fixed length control field: 170427|| aca||aabn | a|a d

040 ## - CATALOGING SOURCE

  • Original cataloging agency: OSt
  • Transcribing agency: OSt

150 ## - HEADING--TOPICAL TERM

  • Topical term or geographic name entry element: Information technology
  • Geographic subdivision: Malaysia

670 ## - SOURCE DATA FOUND

  • Source citation: Work cat.: (OSt)0: Ahmad Sarji Abdul Hamid, Tan Sri Dato' Seri, 1938- 508, Perkhidmatan awam menuju era baru = the civil service, 1996
Pusat Sumber Maklumat Dato' Haji Sarmin Md Hussin, Akademi Kastam Diraja Malaysia, Melaka
Tel: 06-2331106 | Faks: 06-2313787